|
|
|
|
| LEADER |
01286nam a2200265 a 4500 |
| 001 |
1580030 |
| 008 |
100201s1994 ctua b 000 0 eng d |
| 010 |
|
|
|a 93033664
|
| 020 |
|
|
|a 1565490282 (pbk. : alk. paper)
|
| 040 |
|
|
|a DLC
|c DLC
|d DLC
|d BD-DhAAL
|
| 082 |
0 |
0 |
|a 331.4/83/091724
|2 20
|
| 245 |
0 |
0 |
|a Tools for the field :
|b methodologies handbook for gender analysis in agriculture /
|c editors, Hilary Sims Feldstein, Janice Jiggins.
|
| 260 |
|
|
|a West Hartford, Conn. :
|b Kumarian Press,
|c c1994.
|
| 300 |
|
|
|a xvi, 270 p. :
|b ill. ;
|c 23 cm.
|
| 490 |
0 |
|
|a Kumarian Press library of management for development
|
| 490 |
0 |
|
|a Kumarian Press books for a world that works
|
| 504 |
|
|
|a Includes bibliographical references.
|
| 541 |
1 |
|
|e 00005332
|
| 650 |
|
0 |
|a Women in agriculture
|z Developing countries
|x Case studies.
|
| 700 |
1 |
|
|a Feldstein, Hilary Sims,
|d 1950-
|
| 700 |
1 |
|
|a Jiggins, Janice.
|
| 852 |
4 |
|
|a Ayesha Abed Library
|j General shelf
|
| 999 |
|
|
|c 7292
|d 7292
|
| 952 |
|
|
|0 0
|1 0
|2 ddc
|4 0
|6 331_483091724000000_TOO_1994
|7 0
|9 7693
|a BRACUL
|b BRACUL
|c GEN
|d 2010-02-01
|g 3404.50
|l 0
|o 331.483091724 TOO
|p 3010005332
|r 2010-02-01
|t 1
|w 2010-02-01
|y BK
|
| 952 |
|
|
|0 0
|1 0
|2 ddc
|4 0
|6 331_483091724000000_TOO
|7 0
|9 18748
|a JPGSPH
|b JPGSPH
|c GEN
|d 2011-12-05
|l 0
|o 331.483091724 TOO
|p 3060023916
|r 2011-12-05
|t 2
|w 2011-12-05
|y BK
|